LEADER 01110nam a2200253 4500 001 000000361646 003 CaOOAMICUS 005 20250213092744.0 008 250212s1978 it 000 u ita r 040 $aSeMil$bita 100 1 $aWaal Malefijt, Annemarie de.$0(OLS)http://semarc/name/121482 240 10$aImages of Man.$0(OLS)http://semarc/title/452406 245 10$aImmagini dell'uomo :$bstoria del pensiero antropologico /$cAnnemarie De Waal Malefijt. 264 1$aRoma :$bArmando,$c1978. 300 $a366 p. ;$c22 cm 490 1 $aProblemi di sociologia. Nuova serie ;$v43 650 4$aAntropologia - Storia.$0(OLS)http://semarc/subject/12184 830 0$aProblemi di sociologia. Nuova serie ;$v43.$0(OLS)http://semarc/title/21090 850 $aSeMil 852 $aSeMil$W1$xVenegono$y1$m3R II 3$j254475$B252599$CSeMilBibl$Z2$F252599 $81 961 $aBuzzi mons. Franco - Omaggio 996 $6245$aImmagini dell'uomo :$bstoria del pensiero antropologico$9(OLS)http://semarc/title/452405 996 $6264$aRoma :$bArmando$9(OLS)http://semarc/publisher/29857 LEADER 00901nam a2200253 i 4500 001 000000173390 003 CaOOAMICUS 005 20081107000000.0 008 081107s1978 it u000 u ita u 013 $a150843 040 $aSeMil$bita 100 1 $aCimatti, Pietro.$0(OLS)http://semarc/name/58978 245 10$aStanze sulla polveriera /$cPietro Cimatti. 260 $aMilano :$bRusconi,$c1978. 300 $a152 p. ;$c20 cm. 490 0 $aCollana di poesia ;$v19 500 $aFondo Card. Giovanni Colombo. 830 0$aCollana di poesia ;$v19.$0(OLS)http://semarc/title/7821 850 $aSeMil 852 $aSeMil$W1$xVenegono$y1$m1O II 163$j124235$B124235$CSeMilBibl$Z2$F139663 $81 941 1 $a3 961 $aLascito: Colombo Card. Giovanni 996 $6245$aStanze sulla polveriera$9(OLS)http://semarc/title/248368 996 $6260$aMilano :$bRusconi$9(OLS)http://semarc/publisher/30258